000 04395nam2a2200349 4500
001 RU\NLR\BIBL_A\022399030
005 20250627123201.0
035 _a(NLR Aleph) 022399030
090 _a13333614
_c13333614
100 _a20060306d1896 |||y0rusy50 ca
101 0 _arus
102 _aRU
105 _aac z 000yd
200 1 _aСезон 1895–1896 гг.
_iПриложения
_hКн. 2
_fредактор А. Е. Молчанов
210 _d1896
_aБ. м.
215 _a[3], 164, [1] с.
_cил., портр.
_d25
327 1 _aСодерж.: Варвара Николаевна Асенкова (1817–1841 гг.) : очерк Ал. Ч. Театр в царствование Императрицы Екатерины II (1761–1796 гг.) : исторический очерк Н. А. Селиванова. Любительский театр при Екатерине II (1761–1796 гг.) : исторический очерк барона Н. В. Дризена. Записки М. С. Щепкина (Еще новая глава) : статья А. А. Ярцева. Томмазо Сальвини (Tommaso Salvini). Его искусство и критическия воззрения : из воспоминаний А. Н. Кремлева
461 0 _1001v19\rc\1302509
_12001#$aЕжегодник Императорских театров$eиздание Дирекции Императорских театров$vГ. 6
_95370106
_cСанкт-Петербург
_d1892 - 1920
_oиздание Дирекции императорских театров
_tЕжегодник императорских театров
_vГ. 6
464 0 _12001#$aВарвара Николаевна Асенкова (1817–1841 гг.)$eочерк Ал. Ч.
_1700#1$aЧехов$bА. П.$f1855-1913$gАлександр Павлович$3RU\NLR\AUTH\7799921
_1702#1$aАсенкова$bВ. Н.$f1817–1841$gВарвара Николаевна$4280
_tВарвара Николаевна Асенкова (1817–1841 гг.)
_aЧехов, Александр Павлович (1855-1913)
464 0 _12001#$aТеатр в царствование Императрицы Екатерины II (1761–1796 гг.)$h[1–2]$eисторический очерк Н. А. Селиванова
_1700#1$aСеливанов$bН. А.
_tТеатр в царствование Императрицы Екатерины II (1761–1796 гг.)
_aСеливанов, Н. А.
464 0 _12001#$aЛюбительский театр при Екатерине II (1761–1796 гг.)$eисторический очерк барона Н. В. Дризена
_1700#1$aДризен$bН. В.$f1868-1935$gНиколай Васильевич$3RU\NLR\AUTH\770157024
_tЛюбительский театр при Екатерине II (1761–1796 гг.)
_aДризен, Николай Васильевич (1868-1935)
464 0 _12001#$aЗаписки М. С. Щепкина (Еще новая глава)$eстатья А. А. Ярцева
_1700#1$aЯрцев$bА. А.$f1858-1907$gАлексей Алексеевич$3RU\NLR\AUTH\7753000
_1702#1$aЩепкин$bМ. С.$f1788-1863$gМихаил Семенович$3RU\NLR\AUTH\7752995
_tЗаписки М. С. Щепкина (Еще новая глава)
_aЯрцев, Алексей Алексеевич (1858-1907)
464 0 _12001#$aТоммазо Сальвини (Tommaso Salvini). Его искусство и критическия воззрения$eиз воспоминаний А. Н. Кремлева
_15181#$aТоммазо Сальвини (Tommaso Salvini). Его искусство и критические воззрения
_1700#1$aКремлев$bА. Н.$f1859-1919$gАнатолий Николаевич$3RU\NLR\AUTH\7774453
_1702#1$aСальвини$bТ.$f1829-1915$gТоммазо$4280
_tТоммазо Сальвини (Tommaso Salvini). Его искусство и критическия воззрения
_aКремлев, Анатолий Николаевич (1859-1919)
801 0 _aRU
_bNLR
_c20060306
_gpsbo
801 1 _aRU
_bProSoft-M
_c20060306
_2rusmarc
801 2 _aRU
_bNLR
_c20060329
_2rusmarc
852 _aNLR
_j18.21.2.1(1895-96 прил. кн.2)
852 _aNLR
_j136/538(1895-96 прил. кн.2)
852 _aNLR
_j18.21.2.5(1895-96 прил. кн.2)
942 _cBOOK
980 _aNB